000 00858nas a2200289 4500
001 BR2014007410
003 BR-BrBNA
005 20231205124734.0
007 ta
008 230509b bl.|||p| |||| 00| 00por d
040 _aBR-BrBNA
_bpor
_cBiblioteca Nacional de Agricultura
041 _a(Pt)
072 _aQ03
100 1 _aSrebernich, S.M.
100 1 _aVicente, E.
100 1 _aFrancescnini, S.
100 1 _aMinatel, A.L.
245 1 _aInfluência do tipo de filtro no teor de cafeína de bebidas de café
650 _aCAFÉ
650 _aCAFEÍNA
650 _aFILTRO
650 _aHIGIENE DE ALIMENTO
650 _aCONTROLE DE QUALIDADE
773 0 _tRevista do Instituto Adolfo Lutz (Brazil)
_xISSN 0073-9855
_g(Jan-Apr 2009), v. 68(1) p. 29-33
_wBR2014007410
909 _a202311
_bLúcia
_c55
_dLúcia Elande
942 _2AGRIS
_n0
_cANA
999 _c240647
_d240647